000 00516nam a2200181Ia 4500
003 GCL
005 20240530110551.0
008 140319s9999 xx 000 0 ara d
040 _aGCL /
_cGCL
082 0 4 _a355.00962
_bق/ع ج
_221
100 1 _aعبدالعظيم رمضان
245 1 2 _aالجيش المصرى فى السياسة (1882 - 1936) /
_cعبدالعظيم رمضان
300 _a353 ص
650 0 4 _aمصر
650 0 4 _aالتاريخ الحربى
650 0 4 _aالجيش
942 _2ddc
_cBK
999 _c62456
_d62456